| 000 | 00635nam a2200205Ia 4500 | ||
|---|---|---|---|
| 003 | SISC | ||
| 005 | 20170119155405.0 | ||
| 008 | 140321s9999 xx 000 0 und d | ||
| 020 | _a9781111970192 | ||
| 050 |
_aHB 172.5 _b.M443 2013 |
||
| 100 | _aMelvin, Michael. | ||
| 245 |
_aPrinciples of macroeconomics / _cMichael Melvin and William Boyes. |
||
| 250 | _a9th edition. | ||
| 260 |
_aOhio : _bSouth-Western Cengage Learning, _c2013. |
||
| 300 |
_a493 pages. : _bcolor illustrations ; _c26 cm. |
||
| 500 | _aIncludes bibliographical references and index. | ||
| 650 | _aMacroeconomics. | ||
| 942 |
_kFOR _cBK _2lcc |
||
| 999 |
_c48207 _d48207 |
||